Ekonomika a řízení elektroenergetiky 1

Salvato in:
Dettagli Bibliografici
Autore principale: Konečný, Miloš
Ente Autore: Vysoké učení technické v Brně
Altri autori: Novotný, Emil
Natura: Libro
Lingua:ceco
Pubblicazione: Praha Státní nakladatelství technické literatury 1984
Tags: Aggiungi Tag
Nessun Tag, puoi essere il primo ad aggiungerne!!

MARC

LEADER 00000nam a2200000 4500
001 c106982
005 20190425112203.2
041 0 |a cze 
044 |a CZ 
245 1 0 |a Ekonomika a řízení elektroenergetiky 1  |c Miloš Konečný, Emil Novotný 
264 1 |a Praha  |b Státní nakladatelství technické literatury  |c 1984 
300 |a 281 s. 
100 1 |a Konečný, Miloš 
700 1 |a Novotný, Emil 
710 2 |a Vysoké učení technické v Brně